Riconosci il Pokémon - Quiz n°327 - Statistics

Statistiche generali
  • Questo quiz è stato fatto 1 volte
  • Il punteggio medio è 10 su 10
Statistiche sulle risposte
Indizio Risposta % Corretto
Altezza 1,10 m
100%
Tasso di cattura 255 (43.9%)
100%
Sesso 50% ♂, 50% ♀
100%
Peso 5,0 kg
100%
Abilità Mente Locale; Intricopiedi; Inversione
100%
Stadio evoluzione Non si evolve
100%
Tipo Normale
100%
Pokémon Spinda
100%
Generazione Terza
100%
Tasso di allevamento Veloce
100%
Nessun quiz corrispondente trovato
Distribuzione punteggi
Percentuale di utenti per punteggio
Percentile per numero di risposta
I tuoi punteggi nel tempo
Non hai fatto questo quiz